[Event "DEM U10w 2022"]
[Site "Willingen GER"]
[Date "2022.06.05"]
[Round "1"]
[White "Kovalskyy, Alicia"]
[Black "Schirmbeck, Lilian"]
[Result "1-0"]
[Termination "normal"]
[Board "1"]
[WhiteElo "1499"]
[BlackElo "980"]
[WhiteClock "00:08:30"]
[BlackClock "00:10:22"]
[PlyCount "122"]
[WhiteFideId "34612130"]
[BlackFideId "34620532"]
[EventCountry "GER"]
[EventRounds "11"]
[EventType "swiss"]
[EventDate "2022.06.04"]

1. e4 {[%clk 01:15:58]} {[%emt 00:00:01]} e5 {[%clk 01:15:47]} {[%emt
00:00:14]} 2. Nf3 {[%clk 01:16:23]} {[%emt 00:00:05]} Nf6 {[%clk 01:15:57]}
{[%emt 00:00:20]} 3. Nxe5 {[%clk 01:16:45]} {[%emt 00:00:08]} d6 {[%clk
01:16:07]} {[%emt 00:00:19]} 4. Nf3 {[%clk 01:17:09]} {[%emt 00:00:07]} Nxe4
{[%clk 01:16:28]} {[%emt 00:00:09]} 5. Nc3 {[%clk 01:17:20]} {[%emt 00:00:19]}
Nf6 {[%clk 01:15:15]} {[%emt 00:01:42]} 6. d4 {[%clk 01:16:54]} {[%emt
00:00:56]} d5 {[%clk 01:14:30]} {[%emt 00:01:15]} 7. Bg5 {[%clk 01:13:04]}
{[%emt 00:04:18]} c6 {[%clk 01:08:52]} {[%emt 00:06:10]} 8. Be2 {[%clk
01:03:47]} {[%emt 00:09:47]} Be7 {[%clk 00:58:16]} {[%emt 00:11:06]} 9. O-O
{[%clk 00:58:37]} {[%emt 00:05:39]} O-O {[%clk 00:53:11]} {[%emt 00:05:37]} 10.
Bd3 {[%clk 00:57:02]} {[%emt 00:02:04]} Bg4 {[%clk 00:48:04]} {[%emt 00:05:37]}
11. Re1 {[%clk 00:54:28]} {[%emt 00:03:04]} Nbd7 {[%clk 00:39:47]} {[%emt
00:08:48]} 12. h3 {[%clk 00:53:55]} {[%emt 00:01:02]} Bh5 {[%clk 00:37:34]}
{[%emt 00:02:43]} 13. Bf5 {[%clk 00:43:57]} {[%emt 00:10:28]} Bg6 {[%clk
00:27:37]} {[%emt 00:10:27]} 14. Nh4 {[%clk 00:39:14]} {[%emt 00:05:11]} h6
{[%clk 00:25:23]} {[%emt 00:02:46]} 15. Bxf6 {[%clk 00:37:42]} {[%emt
00:02:02]} Bxf6 {[%clk 00:25:47]} {[%emt 00:00:06]} 16. Nxg6 {[%clk 00:36:51]}
{[%emt 00:01:18]} fxg6 {[%clk 00:24:28]} {[%emt 00:01:51]} 17. Bxg6 {[%clk
00:36:34]} {[%emt 00:00:48]} Bh4 {[%clk 00:22:57]} {[%emt 00:02:01]} 18. g3
{[%clk 00:35:55]} {[%emt 00:01:09]} Qg5 {[%clk 00:19:37]} {[%emt 00:05:58]} 19.
Qd3 {[%clk 00:29:47]} {[%emt 00:06:37]} c5 {[%clk 00:15:49]} {[%emt 00:04:20]}
20. dxc5 {[%clk 00:25:19]} {[%emt 00:04:57]} Kh8 {[%clk 00:07:29]} {[%emt
00:08:50]} 21. Re3 {[%clk 00:13:05]} {[%emt 00:12:38]} Rf6 {[%clk 00:06:27]}
{[%emt 00:01:39]} 22. Re8+ {[%clk 00:10:39]} {[%emt 00:02:56]} Rxe8 {[%clk
00:05:27]} {[%emt 00:01:30]} 23. Bxe8 {[%clk 00:10:57]} {[%emt 00:00:11]} Nxc5
{[%clk 00:05:26]} {[%emt 00:00:32]} 24. Qxd5 {[%clk 00:10:06]} {[%emt
00:01:20]} Rf5 {[%clk 00:05:16]} {[%emt 00:00:41]} 25. Qg2 {[%clk 00:09:46]}
{[%emt 00:00:48]} Bxg3 {[%clk 00:01:31]} {[%emt 00:04:17]} 26. fxg3 {[%clk
00:09:10]} {[%emt 00:01:05]} Qe7 {[%clk 00:01:12]} {[%emt 00:00:50]} 27. Qe2
{[%clk 00:08:27]} {[%emt 00:01:08]} Re5 {[%clk 00:01:28]} {[%emt 00:00:19]} 28.
Qf2 {[%clk 00:05:37]} {[%emt 00:03:18]} Qxe8 {[%clk 00:01:43]} {[%emt
00:00:17]} 29. b4 {[%clk 00:05:40]} {[%emt 00:00:27]} Ne4 {[%clk 00:01:51]}
{[%emt 00:00:21]} 30. Nxe4 {[%clk 00:05:35]} {[%emt 00:00:35]} Rxe4 {[%clk
00:02:15]} {[%emt 00:00:06]} 31. Qxa7 {[%clk 00:05:06]} {[%emt 00:01:00]} Re1+
{[%clk 00:02:27]} {[%emt 00:00:18]} 32. Rxe1 {[%clk 00:05:28]} {[%emt
00:00:08]} Qxe1+ {[%clk 00:02:50]} {[%emt 00:00:07]} 33. Kg2 {[%clk 00:05:32]}
{[%emt 00:00:08]} Qe4+ {[%clk 00:03:12]} {[%emt 00:00:26]} 34. Kg1 {[%clk
00:03:37]} {[%emt 00:02:19]} Qe1+ {[%clk 00:03:28]} {[%emt 00:00:19]} 35. Kh2
{[%clk 00:03:28]} {[%emt 00:00:40]} Qe2+ {[%clk 00:03:48]} {[%emt 00:00:10]}
36. Kg1 {[%clk 00:03:26]} {[%emt 00:00:31]} Qe1+ {[%clk 00:04:11]} {[%emt
00:00:08]} 37. Kg2 {[%clk 00:03:48]} {[%emt 00:00:08]} Qe4+ {[%clk 00:04:27]}
{[%emt 00:00:13]} 38. Kf1 {[%clk 00:04:03]} {[%emt 00:00:15]} Qh1+ {[%clk
00:04:30]} {[%emt 00:00:27]} 39. Ke2 {[%clk 00:04:06]} {[%emt 00:00:28]} Qg2+
{[%clk 00:04:42]} {[%emt 00:00:17]} 40. Qf2 {[%clk 00:04:17]} {[%emt 00:00:19]}
Qe4+ {[%clk 00:05:04]} {[%emt 00:00:08]} 41. Kd1 {[%clk 00:04:18]} {[%emt
00:00:29]} Qh1+ {[%clk 00:05:03]} {[%emt 00:00:31]} 42. Kd2 {[%clk 00:04:25]}
{[%emt 00:00:24]} Qd5+ {[%clk 00:05:27]} {[%emt 00:00:05]} 43. Kc1 {[%clk
00:03:54]} {[%emt 00:00:12]} Qh1+ {[%clk 00:05:51]} {[%emt 00:01:23]} 44. Kb2
{[%clk 00:04:15]} {[%emt 00:00:10]} Qxh3 {[%clk 00:05:30]} {[%emt 00:00:50]}
45. Qe3 {[%clk 00:04:16]} {[%emt 00:00:28]} h5 {[%clk 00:05:23]} {[%emt
00:00:39]} 46. a4 {[%clk 00:04:22]} {[%emt 00:00:24]} h4 {[%clk 00:05:45]}
{[%emt 00:00:07]} 47. Qe8+ {[%clk 00:04:46]} {[%emt 00:00:06]} Kh7 {[%clk
00:06:04]} {[%emt 00:00:12]} 48. Qh5+ {[%clk 00:05:03]} {[%emt 00:00:11]} Kg8
{[%clk 00:05:45]} {[%emt 00:00:51]} 49. Qxh4 {[%clk 00:05:17]} {[%emt
00:00:15]} Qxh4 {[%clk 00:06:12]} {[%emt 00:00:03]} 50. gxh4 {[%clk 00:05:36]}
{[%emt 00:00:12]} Kh7 {[%clk 00:06:40]} {[%emt 00:00:01]} 51. a5 {[%clk
00:05:56]} {[%emt 00:00:11]} Kh6 {[%clk 00:07:08]} {[%emt 00:00:02]} 52. b5
{[%clk 00:06:20]} {[%emt 00:00:05]} Kh5 {[%clk 00:07:37]} {[%emt 00:00:02]} 53.
a6 {[%clk 00:06:39]} {[%emt 00:00:11]} bxa6 {[%emt 00:00:23]} 54. bxa6 {[%emt
00:00:08]} Kxh4 {[%clk 00:07:32]} {[%emt 00:00:03]} 55. a7 {[%clk 00:07:04]}
{[%emt 00:00:05]} g5 {[%clk 00:08:01]} {[%emt 00:00:02]} 56. a8=Q {[%clk
00:07:23]} {[%emt 00:00:08]} g4 {[%clk 00:08:29]} {[%emt 00:00:05]} 57. Qh8+
{[%clk 00:07:25]} {[%emt 00:00:27]} Kg3 {[%clk 00:08:57]} {[%emt 00:00:02]} 58.
c4 {[%clk 00:07:41]} {[%emt 00:00:15]} Kg2 {[%clk 00:09:26]} 59. c5 {[%clk
00:07:54]} {[%emt 00:00:16]} g3 {[%clk 00:09:54]} {[%emt 00:00:03]} 60. c6
{[%clk 00:08:07]} {[%emt 00:00:17]} Kf1 {[%clk 00:10:22]} {[%emt 00:00:01]} 61.
Qf6+ {[%clk 00:08:30]} {[%emt 00:00:07]} Kg1 {[%emt 00:00:50]} *

[Event "DEM U10w 2022"]
[Site "Willingen GER"]
[Date "2022.06.05"]
[Round "1"]
[White "Beimler, Annemarie"]
[Black "Yang, Sophie"]
[Result "0-1"]
[Termination "normal"]
[Board "2"]
[WhiteElo "954"]
[BlackElo "1209"]
[WhiteClock "00:03:43"]
[BlackClock "01:01:19"]
[PlyCount "60"]
[BlackFideId "16279174"]
[EventCountry "GER"]
[EventRounds "11"]
[EventType "swiss"]
[EventDate "2022.06.04"]

1. e4 {[%clk 01:15:58]} e6 {[%clk 01:15:54]} {[%emt 00:00:06]} 2. d4 {[%clk
01:16:26]} {[%emt 00:00:03]} d5 {[%clk 01:16:17]} {[%emt 00:00:08]} 3. e5
{[%clk 01:16:29]} {[%emt 00:00:26]} c5 {[%clk 01:16:39]} {[%emt 00:00:07]} 4.
Nf3 {[%clk 01:08:01]} {[%emt 00:08:58]} Nc6 {[%clk 01:16:59]} {[%emt 00:00:10]}
5. Bb5 {[%clk 01:07:59]} {[%emt 00:00:33]} Qb6 {[%clk 01:17:21]} {[%emt
00:00:08]} 6. Bxc6+ {[%clk 01:06:21]} {[%emt 00:02:07]} Qxc6 {[%clk 01:17:45]}
{[%emt 00:00:07]} 7. O-O {[%clk 01:02:03]} {[%emt 00:04:48]} Bd7 {[%clk
01:18:01]} {[%emt 00:00:14]} 8. Nc3 {[%clk 00:58:21]} {[%emt 00:04:11]} O-O-O
{[%clk 01:18:17]} {[%emt 00:00:14]} 9. Bf4 {[%clk 00:52:09]} {[%emt 00:06:42]}
h6 {[%clk 01:17:43]} {[%emt 00:01:05]} 10. Qe2 {[%clk 00:40:35]} {[%emt
00:12:03]} g5 {[%clk 01:16:20]} {[%emt 00:01:53]} 11. Bg3 {[%clk 00:38:07]}
{[%emt 00:02:59]} Qb6 {[%clk 01:15:18]} {[%emt 00:01:32]} 12. Rab1 {[%clk
00:37:18]} {[%emt 00:01:18]} cxd4 {[%clk 01:15:31]} {[%emt 00:00:18]} 13. Nd1
{[%clk 00:33:17]} {[%emt 00:04:31]} Bb5 {[%clk 01:15:43]} {[%emt 00:00:17]} 14.
c4 {[%clk 00:28:07]} {[%emt 00:05:41]} dxc3 {[%clk 01:14:00]} {[%emt 00:00:19]}
15. Qc2 {[%clk 00:25:56]} {[%emt 00:04:34]} Bxf1 {[%clk 01:13:59]} {[%emt
00:00:31]} 16. Kxf1 {[%clk 00:26:01]} {[%emt 00:00:25]} Kb8 {[%clk 01:12:38]}
{[%emt 00:01:53]} 17. bxc3 {[%clk 00:23:18]} {[%emt 00:03:13]} Qa6+ {[%clk
01:12:05]} {[%emt 00:00:59]} 18. Kg1 {[%clk 00:21:49]} {[%emt 00:02:02]} Be7
{[%clk 01:11:53]} {[%emt 00:00:41]} 19. Qb3 {[%clk 00:15:55]} {[%emt 00:06:25]}
h5 {[%clk 01:09:57]} {[%emt 00:02:25]} 20. h3 {[%clk 00:15:07]} {[%emt
00:01:18]} g4 {[%clk 01:09:36]} {[%emt 00:00:50]} 21. Nh4 {[%clk 00:14:24]}
{[%emt 00:01:15]} Nh6 {[%clk 01:05:54]} {[%emt 00:04:09]} 22. Ne3 {[%clk
00:13:02]} {[%emt 00:01:54]} gxh3 {[%clk 01:05:10]} {[%emt 00:01:15]} 23. gxh3
{[%clk 00:12:49]} {[%emt 00:00:42]} Rhg8 {[%clk 01:05:00]} {[%emt 00:00:38]}
24. Kh2 {[%clk 00:10:34]} {[%emt 00:02:47]} b6 {[%clk 01:04:20]} {[%emt
00:01:10]} 25. Bf4 {[%clk 00:06:14]} {[%emt 00:04:51]} Bxh4 {[%clk 01:03:00]}
{[%emt 00:01:49]} 26. Bxh6 {[%clk 00:06:21]} {[%emt 00:00:23]} Qe2 {[%clk
01:02:41]} {[%emt 00:00:48]} 27. Qb2 {[%clk 00:04:32]} {[%emt 00:02:21]} Qf3
{[%clk 01:01:39]} {[%emt 00:01:31]} 28. a4 {[%clk 00:03:43]} {[%emt 00:01:20]}
Bxf2 {[%clk 01:01:01]} {[%emt 00:01:07]} 29. a5 {[%clk 00:03:38]} {[%emt
00:00:36]} Qg3+ {[%clk 01:01:19]} {[%emt 00:00:08]} 30. Kh1 {[%clk 00:03:43]}
{[%emt 00:00:28]} Qxh3# {[%emt 00:00:15]} 0-1

[Event "DEM U10w 2022"]
[Site "Willingen GER"]
[Date "2022.06.05"]
[Round "1"]
[White "Stiehler, Mara"]
[Black "Marrufo, Adriana"]
[Result "1-0"]
[Termination "normal"]
[Board "3"]
[WhiteElo "1200"]
[BlackElo "927"]
[WhiteClock "00:49:37"]
[BlackClock "00:27:55"]
[PlyCount "47"]
[WhiteFideId "34621199"]
[BlackFideId "34630252"]
[EventCountry "GER"]
[EventRounds "11"]
[EventType "swiss"]
[EventDate "2022.06.04"]

1. e4 {[%clk 01:15:58]} e5 {[%clk 01:15:45]} {[%emt 00:00:15]} 2. Nf3 {[%clk
01:16:22]} {[%emt 00:00:06]} Nf6 {[%clk 01:15:54]} {[%emt 00:00:21]} 3. Nc3
{[%clk 01:16:34]} {[%emt 00:00:19]} Nc6 {[%clk 01:15:53]} {[%emt 00:00:30]} 4.
Bc4 {[%clk 01:16:50]} {[%emt 00:00:15]} Nxe4 {[%clk 01:15:44]} {[%emt
00:00:38]} 5. Bxf7+ {[%clk 01:17:08]} {[%emt 00:00:13]} Kxf7 {[%clk 01:14:57]}
{[%emt 00:01:18]} 6. Nxe4 {[%clk 01:17:20]} {[%emt 00:00:17]} d5 {[%clk
01:10:34]} {[%emt 00:04:52]} 7. Ng3 {[%clk 01:13:22]} {[%emt 00:04:29]} Bc5
{[%clk 01:08:15]} {[%emt 00:02:49]} 8. d3 {[%clk 01:11:49]} {[%emt 00:02:03]}
Rf8 {[%clk 01:06:54]} {[%emt 00:01:50]} 9. Ng5+ {[%clk 01:10:26]} {[%emt
00:01:54]} Kg8 {[%clk 01:05:47]} {[%emt 00:01:36]} 10. O-O {[%clk 01:05:49]}
{[%emt 00:05:08]} Qf6 {[%clk 00:55:52]} {[%emt 00:10:25]} 11. Qf3 {[%clk
01:03:19]} {[%emt 00:02:59]} Qg6 {[%clk 00:49:36]} {[%emt 00:06:46]} 12. Qxd5+
{[%clk 01:03:08]} {[%emt 00:00:40]} Kh8 {[%clk 00:47:33]} {[%emt 00:02:34]} 13.
Qxc5 {[%clk 01:02:57]} {[%emt 00:00:41]} Kg8 {[%clk 00:46:25]} {[%emt
00:01:37]} 14. b3 {[%clk 01:01:02]} {[%emt 00:02:25]} Bd7 {[%clk 00:45:26]}
{[%emt 00:01:30]} 15. Qd5+ {[%clk 00:59:52]} {[%emt 00:01:41]} Kh8 {[%clk
00:40:32]} {[%emt 00:05:21]} 16. Qxd7 {[%clk 00:59:15]} {[%emt 00:01:09]} Rf6
{[%clk 00:39:12]} {[%emt 00:01:48]} 17. Qxc7 {[%clk 00:55:53]} {[%emt
00:03:55]} Rb8 {[%clk 00:39:02]} {[%emt 00:00:38]} 18. Nf3 {[%clk 00:54:57]}
{[%emt 00:01:27]} Rf7 {[%clk 00:37:28]} {[%emt 00:02:04]} 19. Nxe5 {[%clk
00:52:04]} {[%emt 00:03:24]} Qf6 {[%clk 00:36:04]} {[%emt 00:01:53]} 20. Qxf7
{[%clk 00:50:28]} {[%emt 00:02:07]} Qxe5 {[%clk 00:34:34]} {[%emt 00:02:00]}
21. Bf4 {[%clk 00:49:48]} {[%emt 00:01:09]} Qb2 {[%clk 00:33:33]} {[%emt
00:01:31]} 22. Bxb8 {[%clk 00:49:18]} {[%emt 00:01:00]} Qa3 {[%clk 00:30:23]}
{[%emt 00:03:39]} 23. Qe8+ {[%clk 00:49:37]} {[%emt 00:00:12]} Qf8 {[%clk
00:27:55]} {[%emt 00:02:59]} 24. Qxf8# {[%emt 00:00:52]} 1-0

[Event "DEM U10w 2022"]
[Site "Willingen GER"]
[Date "2022.06.05"]
[Round "1"]
[White "Jiang, Lucia"]
[Black "Ramakrishnan, Veda"]
[Result "0-1"]
[Termination "normal"]
[Board "4"]
[WhiteElo "919"]
[BlackElo "1191"]
[WhiteClock "00:22:26"]
[BlackClock "00:13:19"]
[PlyCount "146"]
[BlackFideId "16269519"]
[EventCountry "GER"]
[EventRounds "11"]
[EventType "swiss"]
[EventDate "2022.06.04"]

1. e4 {[%clk 01:15:59]} d5 {[%clk 01:15:54]} {[%emt 00:00:06]} 2. f3 {[%clk
01:15:18]} {[%emt 00:01:12]} Nf6 {[%clk 01:13:39]} {[%emt 00:02:45]} 3. Bd3
{[%clk 01:12:32]} {[%emt 00:03:16]} c6 {[%clk 01:11:45]} {[%emt 00:02:24]} 4.
e5 {[%clk 01:09:59]} {[%emt 00:03:02]} Nfd7 {[%clk 01:11:42]} {[%emt 00:00:34]}
5. Qe2 {[%clk 01:07:35]} {[%emt 00:02:54]} Nc5 {[%clk 01:09:42]} {[%emt
00:02:30]} 6. f4 {[%clk 01:06:01]} {[%emt 00:02:04]} g6 {[%clk 01:07:42]}
{[%emt 00:02:30]} 7. Nf3 {[%clk 01:05:23]} {[%emt 00:01:08]} Nxd3+ {[%clk
01:04:41]} {[%emt 00:03:31]} 8. Qxd3 {[%clk 01:04:02]} {[%emt 00:01:49]} Bf5
{[%clk 01:04:05]} {[%emt 00:01:07]} 9. Qb3 {[%clk 01:03:45]} {[%emt 00:00:47]}
Qb6 {[%clk 01:02:59]} {[%emt 00:01:36]} 10. Qc3 {[%clk 01:03:22]} {[%emt
00:00:54]} Bh6 {[%clk 01:00:02]} {[%emt 00:03:26]} 11. d3 {[%clk 01:02:10]}
{[%emt 00:01:42]} Na6 {[%clk 00:56:23]} {[%emt 00:04:10]} 12. e6 {[%clk
00:57:00]} {[%emt 00:05:39]} O-O {[%clk 00:53:13]} {[%emt 00:03:39]} 13. exf7+
{[%clk 00:56:38]} {[%emt 00:00:54]} Rxf7 {[%clk 00:52:53]} {[%emt 00:00:49]}
14. b3 {[%clk 00:55:15]} {[%emt 00:01:53]} Qb4 {[%clk 00:49:58]} {[%emt
00:03:25]} 15. Bd2 {[%clk 00:54:05]} {[%emt 00:01:40]} Bg7 {[%clk 00:44:48]}
{[%emt 00:05:40]} 16. Ne5 {[%clk 00:52:03]} {[%emt 00:02:32]} Qxc3 {[%clk
00:43:32]} {[%emt 00:01:47]} 17. Bxc3 {[%clk 00:52:07]} {[%emt 00:00:25]} Rf6
{[%clk 00:40:16]} {[%emt 00:03:46]} 18. Nd2 {[%clk 00:50:58]} {[%emt 00:01:39]}
Re6 {[%clk 00:39:26]} {[%emt 00:01:20]} 19. Ndf3 {[%clk 00:50:53]} {[%emt
00:00:35]} Rf8 {[%clk 00:36:50]} {[%emt 00:03:07]} 20. h3 {[%clk 00:50:33]}
{[%emt 00:00:49]} Rd6 {[%clk 00:34:15]} {[%emt 00:03:04]} 21. O-O-O {[%clk
00:47:53]} {[%emt 00:03:11]} Bd7 {[%clk 00:32:51]} {[%emt 00:01:54]} 22. g3
{[%clk 00:45:25]} {[%emt 00:02:59]} c5 {[%clk 00:29:03]} {[%emt 00:04:17]} 23.
Rhe1 {[%clk 00:44:54]} {[%emt 00:01:01]} Bxh3 {[%clk 00:27:50]} {[%emt
00:01:44]} 24. d4 {[%clk 00:44:06]} {[%emt 00:01:18]} cxd4 {[%clk 00:26:12]}
{[%emt 00:02:08]} 25. Bxd4 {[%clk 00:44:02]} {[%emt 00:00:33]} b6 {[%clk
00:25:35]} {[%emt 00:01:07]} 26. a3 {[%clk 00:40:44]} {[%emt 00:03:48]} Rc8
{[%clk 00:24:57]} {[%emt 00:01:09]} 27. Rd2 {[%clk 00:40:18]} {[%emt 00:00:55]}
Nc5 {[%clk 00:24:16]} {[%emt 00:01:11]} 28. Bxc5 {[%clk 00:38:52]} {[%emt
00:01:56]} Rxc5 {[%clk 00:24:09]} {[%emt 00:00:37]} 29. b4 {[%clk 00:35:55]}
{[%emt 00:03:27]} Rc3 {[%clk 00:23:30]} {[%emt 00:01:08]} 30. a4 {[%clk
00:35:23]} {[%emt 00:01:03]} Bxe5 {[%clk 00:21:46]} {[%emt 00:02:15]} 31. Rxe5
{[%clk 00:33:46]} {[%emt 00:02:07]} Rxf3 {[%clk 00:21:20]} {[%emt 00:00:56]}
32. Rxe7 {[%clk 00:32:24]} {[%emt 00:01:51]} Rxg3 {[%clk 00:21:05]} {[%emt
00:00:45]} 33. Re8+ {[%clk 00:30:08]} {[%emt 00:02:47]} Kf7 {[%clk 00:19:48]}
{[%emt 00:01:45]} 34. Rde2 {[%clk 00:30:06]} {[%emt 00:00:33]} Re6 {[%clk
00:19:46]} {[%emt 00:00:32]} 35. R2xe6 {[%clk 00:29:41]} {[%emt 00:00:53]} Bxe6
{[%clk 00:19:34]} {[%emt 00:00:44]} 36. Ra8 {[%clk 00:29:29]} {[%emt 00:00:42]}
h5 {[%clk 00:19:44]} {[%emt 00:00:21]} 37. Rxa7+ {[%clk 00:29:26]} {[%emt
00:00:33]} Ke8 {[%clk 00:20:04]} {[%emt 00:00:09]} 38. a5 {[%clk 00:28:49]}
{[%emt 00:01:08]} bxa5 {[%clk 00:20:09]} {[%emt 00:00:25]} 39. bxa5 {[%clk
00:29:07]} {[%emt 00:00:11]} Ra3 {[%clk 00:20:16]} {[%emt 00:00:23]} 40. Kb2
{[%clk 00:28:42]} {[%emt 00:00:55]} Ra4 {[%clk 00:20:15]} {[%emt 00:00:30]} 41.
Kb3 {[%clk 00:28:18]} {[%emt 00:00:55]} Bd7 {[%clk 00:20:17]} {[%emt 00:00:28]}
42. Kc3 {[%clk 00:27:34]} {[%emt 00:01:15]} h4 {[%clk 00:19:11]} {[%emt
00:01:35]} 43. a6 {[%clk 00:27:08]} {[%emt 00:00:56]} Bb5 {[%clk 00:18:03]}
{[%emt 00:01:38]} 44. Kb3 {[%clk 00:26:46]} {[%emt 00:00:53]} Rxa6 {[%clk
00:18:07]} {[%emt 00:00:26]} 45. Rh7 {[%clk 00:26:29]} {[%emt 00:00:46]} Bc4+
{[%clk 00:17:27]} {[%emt 00:01:07]} 46. Kc3 {[%clk 00:26:40]} {[%emt 00:00:22]}
Ra3+ {[%clk 00:17:40]} {[%emt 00:00:16]} 47. Kd4 {[%clk 00:26:48]} {[%emt
00:00:24]} Rh3 {[%clk 00:17:55]} {[%emt 00:00:13]} 48. Ke5 {[%clk 00:27:00]}
{[%emt 00:00:19]} Re3+ {[%clk 00:18:00]} {[%emt 00:00:12]} 49. Kf6 {[%clk
00:27:05]} {[%emt 00:00:37]} h3 {[%clk 00:17:25]} {[%emt 00:01:05]} 50. Kxg6
{[%clk 00:27:22]} {[%emt 00:00:13]} d4 {[%clk 00:16:20]} {[%emt 00:01:35]} 51.
f5 {[%clk 00:27:39]} {[%emt 00:00:15]} Bd5 {[%clk 00:15:39]} {[%emt 00:01:08]}
52. f6 {[%clk 00:27:53]} {[%emt 00:00:18]} Rf3 {[%emt 00:02:46]} 53. Rh8+
{[%clk 00:26:28]} {[%emt 00:00:27]} Kd7 {[%clk 00:14:53]} {[%emt 00:00:26]} 54.
Rh7+ {[%clk 00:26:24]} {[%emt 00:00:36]} Ke8 {[%clk 00:11:52]} {[%emt
00:03:32]} 55. Rh8+ {[%clk 00:25:15]} {[%emt 00:01:38]} Kd7 {[%clk 00:11:04]}
{[%emt 00:01:18]} 56. Rh7+ {[%clk 00:25:08]} {[%emt 00:00:37]} Kd6 {[%clk
00:10:46]} {[%emt 00:00:49]} 57. Rh5 {[%clk 00:25:03]} {[%emt 00:00:34]} Ke6
{[%clk 00:09:55]} {[%emt 00:01:18]} 58. Kg7 {[%clk 00:21:14]} {[%emt 00:04:22]}
Rxf6 {[%clk 00:09:25]} {[%emt 00:01:00]} 59. Rxh3 {[%clk 00:21:09]} {[%emt
00:00:35]} Rf7+ {[%clk 00:09:29]} {[%emt 00:00:24]} 60. Kg6 {[%clk 00:21:17]}
{[%emt 00:00:24]} Be4 {[%clk 00:09:43]} {[%emt 00:00:13]} 61. Kg5 {[%clk
00:21:27]} {[%emt 00:00:26]} Bxc2 {[%clk 00:09:35]} {[%emt 00:00:39]} 62. Rh2
{[%clk 00:21:34]} {[%emt 00:00:23]} d3 {[%clk 00:09:19]} {[%emt 00:00:47]} 63.
Rh4 {[%clk 00:21:23]} {[%emt 00:00:40]} d2 {[%clk 00:09:03]} {[%emt 00:00:46]}
64. Rh6+ {[%clk 00:21:22]} {[%emt 00:00:31]} Ke7 {[%clk 00:09:12]} {[%emt
00:00:17]} 65. Rh1 {[%clk 00:21:02]} {[%emt 00:00:54]} d1=Q {[%clk 00:09:21]}
{[%emt 00:00:21]} 66. Rxd1 {[%emt 00:00:08]} Bxd1 {[%clk 00:11:20]} {[%emt
00:00:06]} 67. Kh4 {[%clk 00:21:35]} {[%emt 00:01:11]} Rg7 {[%clk 00:11:24]}
{[%emt 00:00:26]} 68. Kh3 {[%clk 00:21:44]} {[%emt 00:00:14]} Kf6 {[%clk
00:11:44]} {[%emt 00:00:16]} 69. Kh2 {[%clk 00:21:33]} {[%emt 00:00:30]} Kf5
{[%clk 00:12:10]} {[%emt 00:00:16]} 70. Kh1 {[%clk 00:21:26]} {[%emt 00:00:22]}
Kf4 {[%clk 00:12:30]} {[%emt 00:00:24]} 71. Kh2 {[%clk 00:21:41]} {[%emt
00:00:15]} Kf3 {[%clk 00:12:55]} {[%emt 00:00:04]} 72. Kh1 {[%clk 00:22:01]}
{[%emt 00:00:11]} Kf2 {[%clk 00:13:19]} {[%emt 00:00:07]} 73. Kh2 {[%clk
00:22:26]} {[%emt 00:00:04]} Rh7 {[%emt 00:02:15]} 0-1